Przesuwające się kształty państw - Statystyki

Ogólne statystyki
  • Ten quiz został rozwiązany 13 810 razy
  • Średni wynik to 7 z 12
Statystyki odpowiedzi
Państwo % Poprawnych
Szwajcaria
85%
Rumunia
84%
Mali
75%
Laos
73%
Arabia Saudyjska
72%
Sudan
67%
Korea Północna
57%
Afganistan
53%
Oman
51%
Tajwan
49%
Nigeria
48%
Kuwejt
34%
Nie znaleziono quizów pasujących do podanych kryteriów
Rozkład punktacji
Procent ludzi z każdym wynikiem
Percentyl według liczby udzielonych odpowiedzi
Twoja historia wyników
Nie rozwiązałeś tego quizu